000 00471nam a2200205Ia 4500
008 240509s9999 xx 000 0 und d
020 _a0000136785336
041 _aEng
082 _a005.13
082 _bP61
100 _aPRATT,T W. & ZELKOWITZ,M V.
245 0 _aPROGRAMMING LANGUAGES
250 _a3rd ed.
260 _bNEWJERSEY : PRINTICE HALL
260 _c1996
300 _a654 p.
650 _aPROGRAMMING LANGUAGES
942 _2ddc
942 _cLBK
999 _c22611
_d22611
945 _a1
_bMadushi Gamage
_c1
_dMadushi Gamage